| 000 | 00673nam a22002177a 4500 | ||
|---|---|---|---|
| 003 | 1 | ||
| 005 | 20220302131051.0 | ||
| 008 | 220302b xxu||||| |||| 00| 0 eng d | ||
| 028 | _a978-1-4166-3001-2 | ||
| 050 |
_aLB1072 _b.B54 2021 |
||
| 100 | _aBenson,Jeffrey. | ||
| 245 |
_aImprove every lesson plan with SEL/ _cJeffrey Benson. |
||
| 260 |
_aAlexandria, Virginia: _bASCD _cc2021 |
||
| 300 |
_a174 pp. _c23 cm. _eIncludes bibliographical refences and index. |
||
| 500 | _aAffective education. | ||
| 500 | _aSocial skills- Study and teaching. | ||
| 500 | _aEmotional intelligence. | ||
| 500 | _aSocial learning. | ||
| 500 | _aReflective learning. | ||
| 942 |
_2lcc _cBK |
||
| 999 |
_c364698 _d364698 |
||